Pulso : (Record no. 22142)

000 -CABECERA
fixed length control field 00947nam a22002177a 4500
003 - IDENTIFICADOR DEL NÚMERO DE CONTROL
control field AR-CdUCM
008 - DATOS DE LONGITUD FIJA--INFORMACIÓN GENERAL
fixed length control field 190429b ||||| |||| 00| 0 spa d
040 ## - FUENTE DE LA CATALOGACIÓN
Agencia/entidad que catalogó originalmente la obra MUNICIPALIDAD PROVINCIAL DEL CUSCO
Entidad que transcribió la catalogación BIBLIOTECA MUNICIPAL DEL CUSCO
082 ## - NÚMERO DE LA CLASIFICACIÓN DECIMAL DEWEY
No. de Clasificación Pulso/N°5/1996
245 ## - MENCIÓN DE TÍTULO
Título Pulso :
Resto del título Revista cusqueña de actualidad y crítica /
Mención de responsabilidad Leonel Guzmán, Director
260 ## - PUBLICACIÓN, DISTRIBUCIÓN, ETC.
Lugar de publicación, distribución, etc. Cusco.
Nombre de la editorial, distribuidor, etc. [sn],
Fecha de publicación, distribución, etc. 1996.
300 ## - DESCRIPCIÓN FÍSICA
Nº de Páginas Extensión 22 páginas. :
Dimensiones 25 cm.
440 ## - MENCIÓN DE SERIE/PUNTO DE ACCESO ADICIONAL--TÍTULO
Título Pulso.
Número de la parte/sección de una obra Año II, N°5, noviembre 1996.
9 (RLIN) 47528
505 ## - NOTA DE CONTENIDO CON FORMATO
Nota de contenido formateada Contenido: Anta vive una nueva luz.-- Cadena perpetua en Cusco. -- Crece la leyenda Aguayo. -- Quispicanchi avanza con obras. -- Turismo Choquequirao the place of gold. -- Guido Muelle dialoga con el Cusco. -- Solidaridad para Nazca.
650 ## - PUNTO DE ACCESO ADICIONAL DE MATERIA--TÉRMINO DE MATERIA
Descriptor Política cusqueña
9 (RLIN) 47381
650 ## - PUNTO DE ACCESO ADICIONAL DE MATERIA--TÉRMINO DE MATERIA
Descriptor Sociedad cusqueña
9 (RLIN) 47493
650 ## - PUNTO DE ACCESO ADICIONAL DE MATERIA--TÉRMINO DE MATERIA
Descriptor Siglo XX
9 (RLIN) 47526
700 ## - PUNTO DE ACCESO ADICIONAL--NOMBRE DE PERSONA
Nombre Personal Guzmán Calderón, Leonel
Término de relación Director
9 (RLIN) 2855
942 ## - ELEMENTOS DE PUNTO DE ACCESO ADICIONAL (KOHA)
Fuente de clasificación
Tipo de item Revistas cusqueñas
945 ## - PROCESAMIENTO DE INFORMACIÓN LOCAL (OCLC)
Catalogador rac
Holdings
Estado de retiro (separado) Fuente de clasificación o esquema de estanterías Estado dañado Ubicación Sala donde se ubica Nombre de la colección Fecha de adquisición o compra Costo, precio normal en soles Signatura topográfica Código de Barras Última vez visto (Koha) Tipo de ítem (Koha)
No     Sala Hemeroteca Sala Hemeroteca Book Cart 2022-03-14 5.00 Pulso/N°5/1996 REVC000906 2022-03-14 Revistas cusqueñas

Powered by Koha